NBA All-Star Game Host Cities - Statistics

General Stats
  • This quiz has been taken 7 times
  • The average score is 19 of 76
Answer Stats
Hint Answer % Correct
2010 Arlington
67%
2026 Inglewood
67%
1951 Boston
50%
2006 Houston
50%
2013 Houston
50%
2018 Los Angeles
50%
2014 New Orleans
50%
1954 New York
50%
1998 New York
50%
2015 New York
50%
2025 San Francisco
50%
2003 Atlanta
33%
2021 Atlanta
33%
1952 Boston
33%
1957 Boston
33%
2019 Charlotte
33%
1973 Chicago
33%
1988 Chicago
33%
2020 Chicago
33%
2022 Cleveland
33%
2005 Denver
33%
1989 Houston
33%
2024 Indianapolis
33%
1972 Inglewood
33%
1983 Inglewood
33%
1963 Los Angeles
33%
2004 Los Angeles
33%
2011 Los Angeles
33%
1990 Miami
33%
2008 New Orleans
33%
2017 New Orleans
33%
1955 New York
33%
1968 New York
33%
1992 Orlando
33%
2012 Orlando
33%
2007 Paradise
33%
1970 Philadelphia
33%
1976 Philadelphia
33%
2002 Philadelphia
33%
2027 Phoenix
33%
2016 Toronto
33%
1978 Atlanta
17%
1969 Baltimore
17%
1964 Boston
17%
1991 Charlotte
17%
1986 Dallas
17%
1984 Denver
17%
1953 Fort Wayne
17%
1985 Indianapolis
17%
1980 Landover
17%
1977 Milwaukee
17%
1994 Minneapolis
17%
2000 Oakland
17%
1960 Philadelphia
17%
2009 Phoenix
17%
2023 Salt Lake City
17%
1996 San Antonio
17%
1974 Seattle
17%
1987 Seattle
17%
2001 Washington
17%
1966 Cincinnati
0%
1997 Cleveland
0%
1967 Daly City
0%
1959 Detroit
0%
1982 East Rutherford
0%
1975 Phoenix
0%
1995 Phoenix
0%
1979 Pontiac
0%
1981 Richfield
0%
1956 Rochester
0%
1958 Saint Louis
0%
1962 Saint Louis
0%
1965 Saint Louis
0%
1993 Salt Lake City
0%
1971 San Diego
0%
1961 Syracuse
0%
No matching quizzes found
Score Distribution
Percent of People with Each Score
Percentile by Number Answered
Your Score History
You have not taken this quiz